000 00865nam a2200253 4500
003 OSt
005 20260601193840.0
008 260505b2005 nyua|||| |||| 00| 0 eng d
020 _a0060833106
040 _aICI
_bspa
_cICI
041 _aeng
050 _aNC997
_bC73 2005
245 0 _aCreativity 34 :
_bbright ideas in advertising & design from the around the world /
_cDavid E. Carter, ed.
246 3 _aCreativity 34 : bright ideas in advertising and design from the around the world
264 _aNew York, New York :
_bHarper Design International,
_cc2005
300 _a400 páginas :
_bilustraciones
336 _atexto
_2rdacontent
337 _asin medio
_2rdamedia
338 _avolumen
_2rdacarrier
650 _aArte comercial
_zEstados Unidos
650 _aArte comercial
_vExposiciones
700 1 _aCarter, David E.,
_eeditor
942 _2lcc
_cB
_n1
999 _c21387
_d21387